000 02046nam a22003857a 4500
001 BRCA_9212
003 FranzMayer
005 20220809125842.0
008 220721b |||||||| |||| 00| 0 eng d
020 _a9786079509064
040 _bspa
_cMFM
041 1 _aspa
_aeng
050 _aTR660.5
_bM57 2014
245 _aMiradas de México = Glimpses of Mexico
260 _aMéxico :
_bSmurfit Kappa México
_c2014
300 _a281 p. :
_bil., fot. ;
_c23.5 x 33 cm. ;
_c30 x 34 cm. (con caja)
500 _aUbicación: L60-N1
500 _aIncluye imagen de la Colección Museo Franz Mayer (p. 128)
500 _aEjemplar en caja
500 _aÍndice: p. 13
504 _aBibliografía: pp. 279-280
505 2 _tPresentación /
_rMario Garza Castillón Segovia
505 2 _tPrólogo /
_rElena Horz de Sotomayor
505 2 _tIntroducción. El Paisaje /
_rElena Poniatowska
505 2 _tBreve historia de una relación: el fotógrafo y el horizonte /
_rBlanca Ruiz Pérez
505 2 _tEl Paisaje: como producción de naturaleza /
_rLaura González Flores
505 2 _tPaisaje y naturaleza. Portafolio /
_rEmma Cecilia García Krinsky
520 _a"Miradas de México" ofrece una aproximación única de nuestro entorno, registrado por los fotógrafos más representativos de la historia de la fotografía de nuestro país, artistas que empezaron a desarrollarse en este medio desde la llegada de los primeros daguerrotipos a Veracruz, en 1839, provenientes de Francia. El paisaje, la naturaleza, el entorno mexicanos han ejercido desde el siglo XIX una atracción irresistible sobre fotógrafos viajeros y exploradores, científicos y naturalistas, reporteros gráficos y fotoensayistas, artistas de vanguardia y conceptuales, poetas de la lente. - Elena Horz de Sotomayor
650 _aFotografía
_xPaisaje
_zMéxico
_928478
650 _aFotografía
_xHistoria
_zMéxico
650 _aPaisaje
_xHistoria
_zMéxico
_928479
700 _aDebra Nagao
_etraducción
_928480
942 _2lcc
_cB
999 _c10831
_d10831